[Event "Miquel Mas op 19th"]
[Site "Castell de Sant Ferran"]
[Date "2018.08.12"]
[Round "5"]
[White "Vilanova Guardiola, Josep Maria"]
[Black "Deulofeu Peramarch, Enric"]
[Result "1-0"]
[WhiteElo "1763"]
[BlackElo "1550"]
[PlyCount "59"]
[EventDate "2018.08.09"]
[EventType "swiss"]
[EventRounds "9"]
[EventCountry "ESP"]
[SourceTitle "CBM 186 Extra"]
[Source "ChessBase"]
[SourceDate "2018.08.24"]
[SourceVersion "1"]
[SourceVersionDate "2018.08.24"]
[SourceQuality "1"]

1. d4 d5 2. c4 c6 3. Nf3 Bf5 4. Nc3 e6 5. e3 Bd6 6. Be2 Nf6 7. 0-0 h6 8. c5 Be7 9. Ne5 0-0 10. f4 Nbd7 11. b4 b5 12. Nxc6 Qe8 13. Nxe7+ Qxe7 14. Bxb5 Rfc8 15. Bd3 Bg4 16. Qa4 Nb6 17. Qb3 Nbd7 18. a4 Ne8 19. Ba3 Bf5 20. Bxf5 exf5 21. Rfe1 Qe6 22. Qxd5 Nb6 23. Qxe6 fxe6 24. e4 g6 25. exf5 gxf5 26. Rxe6 Kg7 27. Rae1 Nf6 28. Nb5 Nxa4 29. Ra6 Ng4 30. h3 1-0

[Event "Palafrugell Gelpi Memorial 30th"]
[Site "Palafrugell"]
[Date "2017.11.18"]
[Round "9"]
[White "Ventura Prim, Jaume"]
[Black "Deulofeu Peramarch, Enric"]
[Result "0-1"]
[WhiteElo "1571"]
[BlackElo "1472"]
[PlyCount "73"]
[EventDate "2017.09.23"]
[EventType "swiss"]
[EventRounds "9"]
[EventCountry "ESP"]
[SourceTitle "CBM 187 Extra"]
[Source "ChessBase"]
[SourceDate "2018.11.04"]
[SourceVersion "1"]
[SourceVersionDate "2018.11.04"]
[SourceQuality "1"]

1. Nf3 d5 2. g3 c5 3. d3 Nc6 4. Nbd2 Bg4 5. Bg2 Nf6 6. 0-0 e6 7. Re1 Bd6 8. c3 0-0 9. Qc2 Re8 10. e4 dxe4 11. Nxe4 Nxe4 12. Rxe4 f5 13. Re1 h6 14. Qb3 Na5 15. Qa4 Rb8 16. Bd2 b5 17. Qc2 Rc8 18. h3 Bh5 19. c4 b4 20. b3 Nc6 21. Bc1 Bxf3 22. Bxf3 Bxg3 23. fxg3 Qd4+ 24. Be3 Qd6 25. Qf2 Ne5 26. Be2 Nxd3 27. Bxd3 Qxd3 28. Bxc5 Rxc5 29. Qxc5 Qxg3+ 30. Kf1 Qd3+ 31. Re2 Qxh3+ 32. Ke1 Qc3+ 33. Kf2 Qxa1 34. Qc6 Qd4+ 35. Ke1 Qg1+ 36. Kd2 Rd8+ 37. Kc2 0-1

[Event "Palafrugell Gelpi Memorial 30th"]
[Site "Palafrugell"]
[Date "2017.09.30"]
[Round "2"]
[White "Deulofeu Peramarch, Enric"]
[Black "Giralt Toro, Julio"]
[Result "1/2-1/2"]
[WhiteElo "1472"]
[BlackElo "1544"]
[PlyCount "87"]
[EventDate "2017.09.23"]
[EventType "swiss"]
[EventRounds "9"]
[EventCountry "ESP"]
[SourceTitle "CBM 187 Extra"]
[Source "ChessBase"]
[SourceDate "2018.11.04"]
[SourceVersion "1"]
[SourceVersionDate "2018.11.04"]
[SourceQuality "1"]

1. d4 Nf6 2. c4 e5 3. dxe5 Ng4 4. Nf3 Bc5 5. e3 Nc6 6. Qd5 Qe7 7. a3 Ncxe5 8. Nxe5 Qxe5 9. Nc3 0-0 10. Bd3 Re8 11. Ne4 Bb6 12. Ng5 Qxd5 13. Bxh7+ Kf8 14. cxd5 Ne5 15. Bc2 d6 16. 0-0 f6 17. f4 Ng4 18. Ne4 Bf5 19. Nxf6 Bxc2 20. Nxg4 Bf5 21. h3 Bxg4 22. hxg4 Bxe3+ 23. Bxe3 Rxe3 24. Rae1 Rae8 25. Kf2 Rd3 26. Rd1 Rb3 27. Rd2 Re4 28. Kg1 Rg3 29. g5 Rg4 30. Rc2 Rgxf4 31. Rxc7 Rxf1+ 32. Kxf1 Re7 33. Rxe7 Kxe7 34. Kf2 g6 35. Ke3 Kd7 36. Kd4 Kc7 37. Kc4 a6 38. b4 Kb6 39. a4 Kc7 40. g3 Kb6 41. a5+ Kc7 42. b5 Kd7 43. bxa6 bxa6 44. g4 1/2-1/2

[Event "Girona Pont Major op 2nd"]
[Site "Girona"]
[Date "2017.05.05"]
[Round "3"]
[White "Deulofeu Peramarch, Enric"]
[Black "Rex, Torsten Claus"]
[Result "0-1"]
[WhiteElo "1485"]
[BlackElo "2021"]
[PlyCount "52"]
[EventDate "2017.04.21"]
[EventType "swiss"]
[EventRounds "8"]
[EventCountry "ESP"]
[SourceTitle "CBM 187 Extra"]
[Source "ChessBase"]
[SourceDate "2018.11.04"]
[SourceVersion "1"]
[SourceVersionDate "2018.11.04"]
[SourceQuality "1"]

1. d4 Nf6 2. c4 c5 3. d5 b5 4. b3 bxc4 5. bxc4 g6 6. Bb2 Bg7 7. e3 d6 8. Bd3 0-0 9. h3 Nbd7 10. Nf3 Rb8 11. Qc2 Rxb2 12. Qxb2 Nxd5 13. Qc1 Nb4 14. Qa3 Nxd3+ 15. Qxd3 Bxa1 16. 0-0 Ne5 17. Qe2 Nxf3+ 18. Qxf3 Bg7 19. Nd2 Qa5 20. Rd1 Qxa2 21. Qe4 Bf5 22. Qd5 Rb8 23. e4 Be6 24. Qd3 Bd4 25. Re1 Rb2 26. Re2 Bxc4 0-1

[Event "Costa Brava op 29th"]
[Site "Costa Brava"]
[Date "2016.11.05"]
[Round "5"]
[White "Deulofeu Peramarch, Enric"]
[Black "Arambulo, Henry Jose"]
[Result "1/2-1/2"]
[WhiteElo "1712"]
[BlackElo "1584"]
[PlyCount "74"]
[EventDate "2016.09.24"]
[EventType "swiss"]
[EventRounds "9"]
[EventCountry "ESP"]
[SourceTitle "EXT 2018"]
[Source "ChessBase"]
[SourceDate "2017.10.13"]
[SourceVersion "1"]
[SourceVersionDate "2017.10.13"]
[SourceQuality "1"]

1. d4 Nf6 2. Nf3 c5 3. c3 e6 4. Bf4 d5 5. h3 Bd6 6. Bxd6 Qxd6 7. e3 c4 8. b3 b5 9. a4 Ba6 10. Nbd2 b4 11. bxc4 bxc3 12. Nb1 Qb4 13. Qc2 Bxc4 14. Bxc4 Qxc4 15. Nxc3 Ne4 16. Rc1 Nxc3 17. Qxc3 Qxc3+ 18. Rxc3 Na6 19. 0-0 0-0 20. Rb3 Rfc8 21. Ne5 f6 22. Nd3 Rc7 23. Rfb1 Rac8 24. a5 Kf8 25. Rb7 Ke8 26. Nc5 Nxc5 27. dxc5 Kd7 28. a6 Kc6 29. R1b5 Rxb7 30. Rxb7 Rc7 31. Rb2 Kxc5 32. Rb7 Kc6 33. Rb8 h6 34. Kf1 Kd7 35. Ke2 Rc8 36. Rb7+ Rc7 37. Rb8 Rc8 1/2-1/2

[Event "Santa Eugenia op 10th"]
[Site "Santa Eugenia"]
[Date "2015.??.??"]
[Round "6"]
[White "Deulofeu Peramarch, Enric"]
[Black "Lamelas Hurtado, Antoni"]
[Result "1-0"]
[WhiteElo "1793"]
[BlackElo "1700"]
[PlyCount "45"]
[EventDate "2015.04.17"]
[EventType "swiss"]
[EventRounds "9"]
[EventCountry "ESP"]
[SourceTitle "EXT 2016"]
[Source "ChessBase"]
[SourceDate "2015.10.08"]
[SourceVersion "1"]
[SourceVersionDate "2015.10.08"]
[SourceQuality "1"]

1. e4 c5 2. Nf3 Nc6 3. Bc4 e6 4. Nc3 d6 5. a3 Nf6 6. d3 h6 7. Bf4 Qb6 8. Nb5 e5 9. Bd2 a6 10. Nc3 Bg4 11. Na4 Qc7 12. Nc3 Nd4 13. h3 Bxf3 14. gxf3 Be7 15. Nd5 Qd8 16. c3 Nc6 17. f4 b5 18. Ba2 0-0 19. Rg1 Nd7 20. Qh5 Nf6 21. Qxh6 g6 22. Nxf6+ Bxf6 23. Rxg6+ 1-0